Historia general de Arequipa (Record no. 433)

000 -CABECERA
fixed length control field 00692nam a22002057a 4500
003 - IDENTIFICADOR DEL NÚMERO DE CONTROL
control field AR-CdUCM
008 - DATOS DE LONGITUD FIJA--INFORMACIÓN GENERAL
fixed length control field 190223b ||||| |||| 00| 0 spa d
040 ## - FUENTE DE LA CATALOGACIÓN
Agencia/entidad que catalogó originalmente la obra MUNICIPALIDAD PROVINCIAL DEL CUSCO
Entidad que transcribió la catalogación BIBLIOTECA MUNICIPAL DEL CUSCO
082 ## - NÚMERO DE LA CLASIFICACIÓN DECIMAL DEWEY
No. de Clasificación 985.41 /
Notacion interna N37
100 ## - ENTRADA PRINCIPAL--NOMBRE DE PERSONA
Nombre Personal Avendaño Neira, Maximo
245 ## - MENCIÓN DE TÍTULO
Título Historia general de Arequipa
260 ## - PUBLICACIÓN, DISTRIBUCIÓN, ETC.
Lugar de publicación, distribución, etc. Arequipa, Perú :
Nombre de la editorial, distribuidor, etc. M. J. Bustamante de la Fuente ,
Fecha de publicación, distribución, etc. 1990.
300 ## - DESCRIPCIÓN FÍSICA
Nº de Páginas Extensión 824 paginas :
Dimensiones 24.5 cm.
505 ## - NOTA DE CONTENIDO CON FORMATO
Nota de contenido formateada Cultura del Peru -- Antilogia Historica de Arequipa -- Historia de Arequipa...
650 ## - PUNTO DE ACCESO ADICIONAL DE MATERIA--TÉRMINO DE MATERIA
Descriptor Arequipa
9 (RLIN) 1703
650 ## - PUNTO DE ACCESO ADICIONAL DE MATERIA--TÉRMINO DE MATERIA
Descriptor Historia de Arequipa
9 (RLIN) 1704
650 ## - PUNTO DE ACCESO ADICIONAL DE MATERIA--TÉRMINO DE MATERIA
Descriptor Avendaño
9 (RLIN) 1705
942 ## - ELEMENTOS DE PUNTO DE ACCESO ADICIONAL (KOHA)
Fuente de clasificación
Tipo de item Libros-BMC
945 ## - PROCESAMIENTO DE INFORMACIÓN LOCAL (OCLC)
Catalogador rtm
Holdings
Estado de retiro (separado) Fuente de clasificación o esquema de estanterías Estado dañado Ubicación Sala donde se ubica Nombre de la colección Fecha de adquisición o compra Costo, precio normal en soles Signatura topográfica Código de Barras Última vez visto (Koha) Tipo de ítem (Koha)
No     Sala Humanidades Sala Humanidades Book Cart 2019-02-23 300.00 985.41 / N37 SH0000000060 2019-02-23 Libros-BMC

Powered by Koha